| 000 | 01307 a2200325 4500 | ||
|---|---|---|---|
| 003 | OSt | ||
| 005 | 20180116192334.0 | ||
| 008 | 120301t xxu||||| |||| 00| 0 eng d | ||
| 010 | _a2006042870 | ||
| 020 | _a1405139625 (alk. paper) | ||
| 020 | _a9781405139625 (alk. paper) | ||
| 035 | _a(OCoLC)ocm66393434 | ||
| 035 | _a(OCoLC)66393434 | ||
| 040 | _c0 | ||
| 082 | 0 | 0 | _a696.1 |
| 100 | 1 |
_aTreloar, Roy. _9479 |
|
| 245 | 1 | 0 |
_aPlumbing / _cR.D. Treloar. |
| 250 | _a3rd ed. | ||
| 260 |
_aOxford, UK ; _aMalden, MA : _bBlackwell Pub., _cc2006. |
||
| 300 |
_axvi, 448 p. : _bill. ; _c25 cm. |
||
| 500 | _aIncludes index. | ||
| 505 | _aUnderpinning Knowledge; Hot and Cold Water Supplies; Central Heating; Gas Supplies; Oil Supplies; Electrical Work; Sanitation; Drainage; Sheet Weathering; Assessing Your Knowledge; Index | ||
| 650 | 0 |
_aPlumbing _zGreat Britain _xExaminations _9480 |
|
| 650 | 0 |
_aPlumbing _9481 |
|
| 650 | 0 |
_aPlumbers _xCertification _zGreat Britain. _9482 |
|
| 856 | 4 | 2 |
_3Contributor biographical information _uhttp://www.loc.gov/catdir/enhancements/fy0802/2006042870-b.html |
| 856 | 4 | 2 |
_3Table of contents only _uhttp://www.loc.gov/catdir/enhancements/fy0802/2006042870-t.html |
| 942 |
_aSADA _cBK _k696.1 TRE 2006 _2ddc |
||
| 999 |
_c352400 _d352400 |
||